000 00570cam a2200217 4500
008 090401t1993 xxu||||| |||| 00| 0 eng d
020 _a3110127539
035 _a(Sirsi) u24237
041 _aeng
050 _a526.9823
100 _aSeeber, Gunter
245 _aSatellite geodesy: foundations, methods and applications.
260 _aBerlin
_bWalter de Gruyter
_c1993
300 _axiii,531p. : ill. ; 24cm
350 _a79
650 _aSATELLITE GEODESY
650 _aSATELLITE SURVEYING
690 _aLAND SURVEYING
942 _n0
948 _c04/03/1997
999 _c88516
_d88516